Vista normal
Vista MARC
Entrada Topical Term
Número de registros utilizados en: 1
001 - CONTROL NUMBER
- control field: 40834
003 - CONTROL NUMBER IDENTIFIER
- control field: OSt
005 - DATE AND TIME OF LATEST TRANSACTION
- control field: 20210927160242.0
008 - FIXED-LENGTH DATA ELEMENTS
- fixed length control field: 210927|| aca||aabn | a|a d
040 ## - CATALOGING SOURCE
- Original cataloging agency: OSt
- Transcribing agency: OSt
150 ## - HEADING--TOPICAL TERM
- Topical term or geographic name entry element: Costos de transferencia
670 ## - SOURCE DATA FOUND
- Source citation: Work cat.: (OSt)12550: Hoover, Edgar M., autor 28542, Localización de la actividad económica / , 1951.